000 00463nam a22001337a 4500
020 _a9787100011631
082 _a170
_bSPI
100 _aSpinoza, Benedictus de
245 _aEthics/
_bChinese Translation of World Academic Famous Books (Chinese Edition) /
_cBenedictus de Spinoza
260 _aNew York :
_bOxford University Press,
_c2016.
300 _a269 p. ;
_c20 cm.
880 _6245-02\r
_a伦理学/汉译世界学术名著丛书 /
942 _2ddc
_cBK
999 _c591716
_d591716